Applied Mechanics for Engineering Technology (Record no. 24783)

000 -LEADER
fixed length control field 00328nam a22001097a 4500
008 - FIXED-LENGTH DATA ELEMENTS--GENERAL INFORMATION
fixed length control field 150422b xxu||||| |||| 00| 0 eng d
020 ## - INTERNATIONAL STANDARD BOOK NUMBER
International Standard Book Number 0-13-232620-5
Terms of availability Available
050 ## - LIBRARY OF CONGRESS CALL NUMBER
Classification number 621.WAL
082 ## - DEWEY DECIMAL CLASSIFICATION NUMBER
Edition number Fifth Edition
245 ## - TITLE STATEMENT
Title Applied Mechanics for Engineering Technology
Statement of responsibility, etc. Walker Keith M.
260 ## - PUBLICATION, DISTRIBUTION, ETC.
Place of publication, distribution, etc. New Jersey
Name of publisher, distributor, etc. Prentice Hall
Date of publication, distribution, etc. 1997
Holdings
Withdrawn status Lost status Source of classification or shelving scheme Damaged status Not for loan Permanent Location Current Location Shelving location Date acquired Total Checkouts Full call number Barcode Date last seen Price effective from Koha item type
          Central Library (CL) Central Library (CL) General Stacks 04/22/2015   620.1WAL RCMS002873 04/22/2015 04/22/2015 Book
© 2023 Central Library, National University of Sciences and Technology. All Rights Reserved.